000 01206cam a22002894a 4500
001 11992501
005 20241105165538.0
008 000502s2001 caua b 001 0 eng
020 _a0534371353
050 0 0 _aT57.62.
_bW55 2001
082 0 0 _a658/.001/13
_221
100 1 _aWinston, Wayne L.
245 1 0 _aPractical management science /
_cWayne L. Winston, S. Christian Albright ; with case studies by Mark Broadie.
250 _a2nd ed.
260 _aPacific Grove, CA :
_bBrooks/Cole,
_c2001.
300 _axviii, 953 p. :
_bill. ;
_c26 cm.
_e+ 1 computer laser optical disc (4 3/4 in.)
500 _aStudy guide (186 p. ; 24 cm.).
650 0 _aManagement science
_xComputer simulation.
650 0 _aManagement science
_xMathematical models.
650 0 _aElectronic spreadsheets.
700 1 _aAlbright, S. Christian.
700 1 _aBroadie, Mark Nathan.
856 4 2 _3Contributor biographical information
_uhttp://www.loc.gov/catdir/enhancements/fy1105/00033737-b.html
856 4 2 _3Publisher description
_uhttp://www.loc.gov/catdir/enhancements/fy1105/00033737-d.html
856 4 1 _3Table of contents only
_uhttp://www.loc.gov/catdir/enhancements/fy1105/00033737-t.html
942 _2lcc
_cBK
_n0
999 _c653
_d653